UK SNL Cast: Sudden Death - Statistics

General Stats
  • This quiz has been taken 20 times
  • The average score is 10 of 11
Answers on the Grid
Answers color-coded by a green-red scale on the quiz's grid according to % correct below.
Hammed Animashaun
Jack Shep
Ricky Gervais
Al Nash
Stephen Colbert
Ayoade Bamgboye
Paddy You
Celeste Dring
John Mulaney
Larry Dean
Annabel Marlow
Tig Notaro
Emma Sidi
David Mitchell
Ania Magliano
Sarah Millican
George Fouracres
Diane Morgan
Sindhu Vee
Katherine Parkinson
 
Answer Stats
Answer % Correct
Ayoade Bamgboye
100%
Celeste Dring
94%
Emma Sidi
94%
Hammed Animashaun
94%
Paddy You
94%
Annabel Marlow
88%
Al Nash
81%
George Fouracres
81%
Jack Shep
81%
Larry Dean
75%
Ania Magliano
69%
No matching quizzes found
Score Distribution
Percent of People with Each Score
Percentile by Number Answered
Your Score History
You have not taken this quiz